Química orgánica

Bibliographic Details
Main Author: Hart, Harold
Format: Section = Libro
Language:Undetermined
Spanish
Published: México McGraw-Hill 2007
Edition:2a.ed
Subjects:
LEADER 00458nam a2200193Ia 4500
008 240830s9999 xx 000 0 und d
020 |a 978-84-481-5657-2 
040 |a CEDOC FIQ-RUSB / 547 Q6 
041 |a spa 
082 |a 547 Q6 
100 1 |a  Hart, Harold 
245 1 0 |a Química orgánica 
250 |a 2a.ed 
260 |a México  |b McGraw-Hill  |c 2007 
300 |a 578 p. : il 
650 7 |a QUIMICA ORGANICA 
942 |c BK  |2 ddc 
991 |a TEXTO 
999 |c 14068